| 000 | 00425nam a2200157Ia 4500 | ||
|---|---|---|---|
| 005 | 20250627023405.0 | ||
| 008 | 240331s9999 xx 000 0 und d | ||
| 020 | _a9552028205 | ||
| 082 |
_bJAY _a370 |
||
| 100 | _aJayasekara,U.D | ||
| 245 | 0 | _aSri lankawe paraniadyapana ithihasaya | |
| 260 |
_aColombo _bS. Gogage & Brothers _c1999 |
||
| 300 | _a320 p ., | ||
| 500 | _aAncient educational history of Sri Lanka | ||
| 942 | _cL | ||
| 999 |
_c5244 _d5244 |
||